00600nam a2200193Ia 4500008004100000020001400041082001200055100002400067245003000091250000700121260003400128300003600162500000700198600003300205650002800238942000700266952011800273999001500391240925s9999 xx 000 0 und d a715313942 a428 WRD aWard ,J. Millington 0aO Level English Practice  aNA aLondon:bBell & Hymanc,1984. a46p.bNAfInternational Edition aNA aHumanities & Natural Science aEnglish and Old English cBK 001040708HUMaUITUbUITUd1999-03-25eFair Book Centerl0o428 WRDpQ2025r2024-09-25 07:12:38w2024-09-25yBK c4524d4524